000 01652cam a22005054a 4500
001 102395
005 20230410123424.0
008 070628s2007 fr b 000 0 fre
010 _a 2007474306
035 _a(OCoLC)ocn136587320
040 _aDLC
_cDLC
_dAUXAM
_dTZT
_dNLGGC
_dMUQ
_dGEBAY
020 _a9782233005069
020 _a2233005066
029 1 _aAUXAM
_bAAL0383252-0001
029 1 _aTZT
_bJTL00205782
029 1 _aNLGGC
_b30370814X
029 1 _aGEBAY
_b10177739
035 _a(OCoLC)136587320
084 _a86.91
_2bcl
050 1 4 _aK3201
_bP188d 2007
100 1 _aPancracio, Jean-Paul.
245 1 0 _aDroit et institutions diplomatiques /
_cJean-Paul Pancracio.
260 _aParis :
_bPedone,
_c2007.
300 _a268 p. ;
_c23 cm.
490 1 _aOuvertures internationales
504 _aIncludes bibliographical references (p. [257]-260).
650 0 _aDiplomatic and consular service.
650 0 _aDiplomatic privileges and immunities.
650 0 _aDiplomacy.
650 0 _aInternational law and relations.
650 1 7 _aBuitenlandse betrekkingen.
_2gtt
650 1 7 _aDiplomatieke betrekkingen.
_2gtt
650 1 7 _aDiplomatieke onschendbaarheid
_2gtt
650 6 _aService diplomatique et consulaire.
650 6 _aPriviláeges et immunites diplomatiques.
650 6 _aDiplomatie.
650 0 7 _aDiplomatie
_2swd
650 0 7 _aKonsularrecht
_2swd
830 0 _aOuvertures internationales.
938 _aAux Amateurs de Livres
_bAUXA
_nAAL0383252-0001
_c30,80 EUR
938 _aJean Touzot Libraire Editeur
_bTOUZ
_nJTL00205782
_c28 EUR
942 _2lcc
_cbk
946 _aFHM
994 _aC0
_bDRFGD
999 _c61099
_d61099